Banks that went bankrupt in 2008 - Statistics

General Stats
  • This quiz has been taken 120 times
  • The average score is 4 of 56
Answer Stats
Country Answer % Correct
USA Lehman Brothers
68%
USA Bear Stearns
35%
USA HSBC Finance Corporation
32%
UK Northern Rock
31%
UK Royal Bank of Scotland
30%
USA Merrill Lynch
23%
USA American International Group
21%
UK Lloyds TSB
21%
USA Sovereign Bank
19%
Switzerland UBS
16%
Netherlands ABN AMRO
14%
UK HBOS
14%
USA Wachovia
11%
USA Washington Mutual
10%
USA Fannie Mae and Freddie Mac
9%
USA Countrywide Financial
6%
Portugal Banco Português de Negócios (BPN)
4%
Belgium Dexia
4%
Belgium/Luxembourg/Netherlands Fortis
4%
UK Alliance & Leicester
3%
Ireland Anglo Irish Bank
3%
Australia BankWest
3%
UK Derbyshire Building Society
3%
Portugal Banco Privado Português (BPP)
2%
Spain Bankia
2%
Antigua and Barbuda Bank of Antigua
2%
UK Bradford & Bingley
2%
UK Catholic Building Society
2%
UK Cheshire Building Society
2%
UK Dunfermline Building Society
2%
Iceland Glitnir
2%
Iceland Kaupthing Bank
2%
Iceland Landsbanki
2%
USA National City Corp
2%
USA NetBank
2%
USA New Century
2%
Philippines Philippine American Life and General Insurance Company (Philam Life)
2%
Denmark Roskilde Bank
2%
USA American Home Mortgage
1%
UK Barnsley Building Society
1%
Kazakhstan BTA Bank
1%
Spain CatalunyaCaixa
1%
UK Chesham Building Society
1%
USA Commerce Bancorp
1%
USA IndyMac
1%
Latvia Parex Bank
1%
UK Scarborough Building Society
1%
Iceland Straumur Investment Bank
1%
USA Ambac
0%
Spain CajaSur
0%
USA Colonial Bank
0%
USA Financial Guaranty Insurance Company (FGIC)
0%
USA First Federal Bank of California
0%
USA Guaranty Bank
0%
USA MF Global
0%
USA PMI Group
0%
No matching quizzes found
Score Distribution
Percent of People with Each Score
Percentile by Number Answered
Your Score History
You have not taken this quiz